Návrh a realizácia tepelnej komory na testovanie elektrických zariadení

Guardado en:
Detalles Bibliográficos
Autor principal: Gašparek, Richard (Autor)
Otros Autores: Nevřela, Juraj (Orientador)
Formato: Manuscrito Libro
Lenguaje:eslovaco
Publicado: Bratislava : STU v Bratislave FEI, 2023
Materias:
Acceso en línea:https://opac.crzp.sk/?fn=detailBiblioFormChildU4BAF&sid=32866E47BC3455BDB7F177CEA70C&seo=CRZP-detail-kniha
Etiquetas: Agregar Etiqueta
Sin Etiquetas, Sea el primero en etiquetar este registro!

MARC

LEADER 00000ntm a22000003a 4500
001 stuzp90623
003 SK-STU
005 20241125135119.1
007 ta
008 150427s2015----xo-----f-mn---000-0-slo-d
040 |a STU  |b slo 
041 0 |a slo 
044 |a xo 
100 1 |a Gašparek, Richard  |u 033000  |k Z2  |4 aut  |U FEI Fakulta elektrotechniky a informatiky  |T FEI Ústav elektroniky a fotoniky  |X 98329  |U E030  |Y 549  |7 98329 
242 0 1 |a Design and implementation of a thermal chamber for testing electrical devices  |y eng 
245 1 0 |a Návrh a realizácia tepelnej komory na testovanie elektrických zariadení 
260 |a Bratislava :  |b STU v Bratislave FEI,  |c 2023 
300 |a 68 s. 
650 4 |a tepelná komora  |2 slo 
650 4 |a tepelné testovanie  |2 slo 
650 4 |a modulárnosť  |2 slo 
650 4 |a ovládací systém  |2 slo 
650 4 |a thermal chamber  |2 eng 
650 4 |a temperature testing  |2 eng 
650 4 |a modular design  |2 eng 
650 4 |a control system  |2 eng 
700 1 |a Nevřela, Juraj  |u 033000  |k Z2  |4 ths  |U FEI Fakulta elektrotechniky a informatiky  |T FEI Ústav elektroniky a fotoniky  |X 70100  |U E030  |Y 549  |7 A000070100 
856 4 |u https://opac.crzp.sk/?fn=detailBiblioFormChildU4BAF&sid=32866E47BC3455BDB7F177CEA70C&seo=CRZP-detail-kniha